| 000 | 00481nam a2200133 4500 | ||
|---|---|---|---|
| 999 |
_c13658 _d13658 |
||
| 008 | 250731b ||||| |||| 00| 0 eng d | ||
| 040 | _aBMSCA | ||
| 100 | _aNaik, Anup | ||
| 245 | _aA passive right approach for housing in Bengaluru region- a framework for sustainability based on traditional Indian architecture and Indian green rating system | ||
| 300 | _app | ||
| 502 |
_NVisvesvaraya Technological University, Belagavi _d2021 |
||
| 700 | _aGuide: Mamatha P Raj | ||
| 942 | _2ddc | ||